[Event "Challenge"]
[Site "http://www.queenalice.com/game.php?id=803267"]
[Date "2010.7.14"]
[Round "-"]
[White "Filipon_El_Bigodon"]
[Black "gambitmiau64"]
[Result "0-1"]
[WhiteElo "1644"]
[BlackElo "1632"]

1. e4 Nc6 2. Nf3 d5 3. Bb5 Qd7 4. d3 dxe4 5. dxe4 a6 6. Bd3 e5 7. O-O Nf6 8. c4
Bc5 9. a3 Nd4 10. Nxe5 Qe6 11. Nf3 Bd7 12. Ng5 Qg4 13. Nf3 Nxf3+ 14. Qxf3 Qxf3
15. gxf3 Bh3 16. Re1 O-O-O 17. b4 Bxf2+ 18. Kxf2 Rxd3 19. b5 Rhd8 20. Re2 Be6
21. bxa6 bxa6 22. Nd2 Rc3 23. Rb1 Rdd3 24. Bb2 Rc2 25. e5 Rdxd2 26. Rxd2 Rxd2+
27. Ke1 Rxh2 28. exf6 gxf6 29. Bc1 Bxc4 30. Kd1 Be2+ 31. Kd2 Bxf3+ 32. Kc3 Be4
33. Rb4 Bg6 34. Rc4 Rc2+ 35. Kb3 Rxc4 36. Kxc4 Kd7 37. Kc5 Bd3 38. Bh6 Ke6 39.
Kc6 f5 40. Kxc7 Ke5 41. Kd7 f4 42. Ke7 f6 43. Bxf4+ Kxf4 44. Kxf6 h5 0-1

[Event "Challenge"]
[Site "http://www.queenalice.com/game.php?id=804052"]
[Date "2010.7.16"]
[Round "-"]
[White "Filipon_El_Bigodon"]
[Black "alamanerademachine"]
[Result "1-0"]
[WhiteElo "1637"]
[BlackElo "1413"]

1. e4 e5 2. Nf3 f6 3. Bc4 Nh6 4. d4 Ng4 5. dxe5 Nxe5 6. b3 Bb4+ 7. Bd2 Bc5 8.
O-O c6 9. Qc1 b5 10. Be2 d6 11. c4 bxc4 12. bxc4 Bg4 13. h3 Bh5 14. Nxe5 Bxe2
15. Re1 fxe5 16. Rxe2 Na6 17. Qc3 g5 18. Be3 O-O 19. f3 Qf6 20. Bxc5 Nxc5 21.
Nd2 Na4 22. Qa3 Nc5 23. Rb1 Rab8 24. Qxa7 Ra8 25. Qc7 Ne6 26. Qxd6 Nf4 27. Qxf6
Rxf6 28. Ree1 Rd8 29. Nb3 Rdf8 30. a4 h5 31. Nc5 R8f7 32. a5 g4 33. Rb8+ Kh7 34.
Re8 Rg7 35. Ra1 gxh3 36. Kf2 hxg2 37. Rd8 Nh3+ 38. Ke2 g1=Q 39. Rxg1 Nxg1+ 40.
Kd2 Nxf3+ 41. Kc3 Nd4 42. a6 Rf3+ 43. Kb4 Nc2+ 44. Ka5 h4 45. Kb6 Rg6 46. a7 Rg8
47. a8=Q h3 48. Rxg8 h2 49. Rh8+ Kg7 50. Rxh2 Rf8 51. Ne6+ Kf7 52. Nxf8 Ne3 53.
Qxc6 Kxf8 54. Qc7 Kg8 55. Rh7 Ng4 56. Qg7# 1-0

[Event "Peaceman playing with White"]
[Site "http://www.queenalice.com/game.php?id=805790"]
[Date "2010.7.20"]
[Round "-"]
[White "peaceman"]
[Black "Filipon_El_Bigodon"]
[Result "0-1"]
[WhiteElo "1305"]
[BlackElo "1634"]

1. b4 e5 2. e4 Bxb4 3. a3 Bc5 4. Nc3 Nc6 5. Qe2 Nf6 6. f3 O-O 7. Qd3 d5 8. exd5
Nd4 9. Nge2 Bf5 10. Qc4 Nxc2+ 11. Kd1 Nxa1 12. Bb2 Nc2 13. g4 Bd3 14. Qxd3 Nd4
15. Na4 Qxd5 16. Bg2 Qa2 17. Nxd4 Bxd4 18. Ke2 Bxb2 19. Qc2 Qxa3 20. Nxb2 Rad8
21. Nc4 Qe7 22. Qf5 Qb4 23. Qc2 a5 24. Rd1 a4 25. Ra1 Ra8 26. Rb1 Qe7 27. Qe4
Nxe4 28. fxe4 a3 29. d3 Qh4 30. Ra1 Qe7 31. Nb6 cxb6 32. Kd2 Qg5+ 33. Ke2 Qxg4+
34. Bf3 Qd7 35. Kd2 f5 36. Kc2 Rfd8 37. Be2 Rac8+ 38. Kb3 Qb5+ 39. Ka2 Rc2+ 40.
Kxa3 Ra8# 0-1

[Event "Chazam playing with White"]
[Site "http://www.queenalice.com/game.php?id=805791"]
[Date "2010.7.20"]
[Round "-"]
[White "Chazam"]
[Black "Filipon_El_Bigodon"]
[Result "1-0"]
[WhiteElo "1619"]
[BlackElo "1653"]

1. e4 e5 2. Nf3 Nc6 3. Bb5 Bc5 4. Qe2 d6 5. Bxc6+ bxc6 6. Nc3 Bg4 7. h3 Be6 8.
Ng5 Qxg5 9. g3 Nf6 10. d3 d5 11. Bxg5 Ke7 12. Bxf6+ Kxf6 13. a3 Ke7 14. exd5
cxd5 15. Nxd5+ Kd7 16. Qxe5 Rac8 17. Nf6+ Kc6 18. Ne4 Bd6 19. Nxd6 cxd6 20. Qxg7
Rce8 21. O-O-O Reg8 22. Qc3+ Kd7 23. Rhe1 Bxh3 24. Re4 Bg2 25. Rb4 Rc8 26. Qf6
a5 27. Qxf7+ Kd8 28. Re1 Rc7 29. Rb8+ Rc8 30. Qe7# 1-0

[Event "pcapell playing with White"]
[Site "http://www.queenalice.com/game.php?id=805792"]
[Date "2010.7.20"]
[Round "-"]
[White "pcapell"]
[Black "Filipon_El_Bigodon"]
[Result "0-1"]
[WhiteElo "1340"]
[BlackElo "1638"]

1. e4 e5 2. Nf3 Nc6 3. Nc3 Bc5 4. d3 d6 5. Bg5 Nf6 6. Be2 O-O 7. O-O h6 8. Be3
d5 9. exd5 Bxe3 10. dxc6 Ng4 11. h3 Bf4 12. hxg4 Bxg4 13. d4 exd4 14. cxb7 Rb8
15. Ba6 Qf6 16. Qd3 Bxf3 17. Ne4 Qh4 18. g3 Qh1# 0-1

[Event "alamanerademachine playing with "]
[Site "http://www.queenalice.com/game.php?id=805794"]
[Date "2010.7.20"]
[Round "-"]
[White "alamanerademachine"]
[Black "Filipon_El_Bigodon"]
[Result "0-1"]
[WhiteElo "1445"]
[BlackElo "1642"]

1. e4 e5 2. Qh5 Nc6 3. Bb5 Nf6 4. Qf3 Bc5 5. Bc4 Nd4 6. Qc3 d6 7. h3 O-O 8. Qd3
a6 9. c3 b5 10. Bxb5 axb5 11. cxd4 Bxd4 12. f3 Ba6 13. h4 b4 14. a3 Bxd3 15. g3
bxa3 16. Rxa3 Bxb1 17. Rb3 Bc2 18. Rb4 Ra1 19. Ne2 Bd3 20. Kd1 c5 21. Rb6 Qxb6
22. b4 Qxb4 23. Nxd4 exd4 24. e5 Ra2 25. Rh2 Rfa8 26. exf6 Re8 27. fxg7 Qb3# 0-1

[Event "Revanche da Revanche"]
[Site "http://www.queenalice.com/game.php?id=812528"]
[Date "2010.8.3"]
[Round "-"]
[White "Filipon_El_Bigodon"]
[Black "lcchaves13"]
[Result "1-0"]
[WhiteElo "1636"]
[BlackElo "1487"]

1. e4 Nf6 2. Nf3 Nxe4 3. d3 Nc5 4. d4 Ne6 5. c3 d5 6. Bd3 c5 7. dxc5 Nxc5 8. b4
Ne6 9. c4 Nf4 10. O-O Nxd3 11. Qxd3 e6 12. c5 Na6 13. Qc3 Qc7 14. Be3 Be7 15.
Nbd2 Bf6 16. Bd4 O-O 17. Bxf6 gxf6 18. Nh4 b6 19. Qxf6 Nxb4 20. g3 bxc5 21. Rae1
Nc2 22. Re5 Ba6 23. Rg5# 1-0

[Event "Filipon playing White."]
[Site "http://www.queenalice.com/game.php?id=813483"]
[Date "2010.8.5"]
[Round "-"]
[White "Filipon_El_Bigodon"]
[Black "pcapell"]
[Result "1-0"]
[WhiteElo "1650"]
[BlackElo "1317"]

1. e4 c6 2. Nf3 d6 3. Bc4 Be6 4. d3 Bxc4 5. O-O Be6 6. e5 Bg4 7. d4 Nh6 8. Qd3
dxe5 9. Nxe5 Bf5 10. Qb3 b5 11. Bxh6 Be6 12. Qf3 f6 13. Nxc6 Qd7 14. Nb4 Nc6 15.
Bd2 Rc8 16. Nc3 Nxb4 17. Rac1 Bf5 18. a3 Qxd4 19. Qxf5 Rd8 20. Be3 Qe5 21. Qf3
e6 22. Bxa7 Bc5 23. Rce1 Qf5 24. Bxc5 Nxc2 25. Qc6+ Rd7 26. Rxe6+ Kd8 27. Bb6+
Rc7 28. Qxc7# 1-0

[Event "Challenge"]
[Site "http://www.queenalice.com/game.php?id=816089"]
[Date "2010.8.10"]
[Round "-"]
[White "leticiar"]
[Black "Filipon_El_Bigodon"]
[Result "0-1"]
[WhiteElo "1226"]
[BlackElo "1606"]

1. d4 d5 2. Nf3 Nc6 3. Nc3 Bf5 4. e3 Nb4 5. a3 Nxc2+ 6. Qxc2 Bxc2 7. Be2 e6 8.
O-O b6 9. b4 c5 10. bxc5 bxc5 11. Ne1 Be4 12. Rb1 Bxb1 13. Nxb1 Bd6 14. Bd2 c4
15. Nf3 Nf6 16. Nc3 O-O 17. Nb5 Qb8 18. a4 Ng4 19. Ng5 Ba3 20. Bxg4 Bd6 21. e4
Bxh2+ 22. Kh1 dxe4 23. Nxe4 f5 24. f3 fxe4 25. Bxe6+ Kh8 26. g4 exf3 27. Rxf3
Rxf3 28. Bxc4 Qg3 29. Be1 Qg1# 0-1

[Event "pcapell playing white"]
[Site "http://www.queenalice.com/game.php?id=818256"]
[Date "2010.8.14"]
[Round "-"]
[White "pcapell"]
[Black "Filipon_El_Bigodon"]
[Result "1-0"]
[WhiteElo "1350"]
[BlackElo "1663"]

1. e4 e5 2. Nf3 Nc6 3. d3 Bc5 4. Qe2 d6 5. Bg5 Nf6 6. Nc3 Bg4 7. O-O-O Qd7 8. g3
O-O 9. h3 Bh5 10. g4 Bg6 11. Bg2 a6 12. Bxf6 gxf6 13. Nd5 b5 14. Nxf6+ Kg7 15.
Nxd7 Rfd8 16. Nxc5 dxc5 17. Ng5 Kf8 18. Qf3 b4 19. Qf6 Ke8 20. Qxc6+ Kf8 21.
Qxc7 b3 22. Qxc5+ Kg7 23. Qxe5+ Kf8 24. axb3 Rab8 25. Qa5 Ra8 26. Qc5+ Kg7 27.
Kd2 a5 28. e5 h6 29. Bxa8 hxg5 30. Qc6 f6 31. exf6+ Kf7 32. Rhe1 Re8 33. Qxe8+
Kxf6 34. Re6+ Kg7 35. Qxg6+ Kf8 36. Qf5+ Kg7 37. Qg6+ Kf8 38. Qf6+ Kg8 39. Re8+
Kh7 40. Be4# 1-0

[Event "Icchaves13 jugando cón Blanco "]
[Site "http://www.queenalice.com/game.php?id=821031"]
[Date "2010.8.20"]
[Round "-"]
[White "lcchaves13"]
[Black "Filipon_El_Bigodon"]
[Result "1-0"]
[WhiteElo "1475"]
[BlackElo "1628"]

1. e4 e5 2. Bc4 Nc6 3. Qf3 Nf6 4. d3 Nd4 5. Qd1 Bc5 6. Nh3 h6 7. Be3 d5 8. exd5
Bxh3 9. gxh3 Nxd5 10. Bxd4 Bxd4 11. c3 Bb6 12. Qh5 O-O 13. Qxe5 c6 14. Qg3 Qf6
15. d4 Rae8+ 16. Kd1 c5 17. Bxd5 cxd4 18. Bxb7 dxc3 19. bxc3 Bxf2 20. Qg2 Qd6+
21. Bd5 Qe5 22. Nd2 Qe2+ 23. Kc2 Rc8 24. Rae1 Qb5 25. Reg1 Bxg1 26. Rxg1 g5 27.
h4 Qa4+ 28. Kd3 Rfd8 29. hxg5 Qb5+ 30. c4 Qb2 31. gxh6+ Kf8 32. Qg8+ Ke7 33.
Qxf7+ Kd6 34. Ne4+ Ke5 35. Qf6# 1-0

[Event "Challenge"]
[Site "http://www.queenalice.com/game.php?id=829997"]
[Date "2010.9.9"]
[Round "-"]
[White "Filipon_El_Bigodon"]
[Black "pcapell"]
[Result "1-0"]
[WhiteElo "1601"]
[BlackElo "1400"]

1. e4 e5 2. Nf3 Nc6 3. Bc4 Nh6 4. d3 d6 5. Ng5 Be6 6. Bxe6 fxe6 7. Nxe6 Qe7 8.
Bxh6 gxh6 9. Nxf8 Rxf8 10. Qh5+ Qf7 11. Qe2 O-O-O 12. Nc3 Nd4 13. Qd2 Qf4 14.
O-O-O Qxf2 15. Qxf2 Rxf2 16. a4 Rxg2 17. Nd5 c6 18. Ne7+ Kd7 19. Nf5 Ne2+ 20.
Kb1 Nd4 21. c3 Ne2 22. Ne3 Rf2 23. Ng4 Rg2 24. Nf6+ Ke6 25. Nxh7 Rg7 26. Rhe1
Nf4 27. d4 Rxh7 28. dxe5 Kxe5 29. h4 Kf6 30. Rf1 Ke5 31. c4 Ne6 32. Rf5+ Kxe4
33. Rff1 Nc5 34. Rfe1+ Kf5 35. Rd2 Ne6 36. Kc2 Kg4 37. Rf2 Nf4 38. Rg1+ Kf5 39.
Rgf1 Rg7 40. Rxf4+ Ke6 41. Rf6+ Kd7 42. Rxh6 Re7 43. Rf2 d5 44. c5 d4 45. Rd6+
Ke8 46. Rxd8+ Kxd8 47. Kd3 Rd7 48. Rf4 a5 49. Rxd4 Kc8 50. Rxd7 Kxd7 51. h5 Ke7
52. Kd4 Kf7 53. Ke5 Kg7 54. Kd6 Kh6 55. Kc7 Kxh5 56. Kxb7 Kg5 57. Kxc6 Kf5 58.
Kd5 Kf6 59. Kd6 1-0

[Event "Challenge"]
[Site "http://www.queenalice.com/game.php?id=829998"]
[Date "2010.9.9"]
[Round "-"]
[White "pcapell"]
[Black "Filipon_El_Bigodon"]
[Result "0-1"]
[WhiteElo "1415"]
[BlackElo "1588"]

1. e4 e5 2. Nf3 Nc6 3. Nc3 Bc5 4. Bc4 d6 5. d3 Bg4 6. Bg5 Nf6 7. O-O Qd7 8. h3
Bxh3 9. Nh4 Bxg2 10. Nxg2 O-O-O 11. Nd5 Rhg8 12. Qf3 Ng4 13. Nge3 Nf6 14. Qf5 h6
15. Bxf6 gxf6+ 16. Kh2 Qxf5 17. Nxf5 Nd4 18. Nde7+ Kb8 19. Nxg8 Rxg8 20. Bxf7
Nf3+ 21. Kh3 Rg5 22. Nxh6 Nd2 23. Rh1 Bxf2 24. Rh2 Rg3+ 25. Kh4 Nf3+ 26. Kh5
Nxh2 27. Rh1 Rg5# 0-1

[Event "Challenge"]
[Site "http://www.queenalice.com/game.php?id=830001"]
[Date "2010.9.9"]
[Round "-"]
[White "Filipon_El_Bigodon"]
[Black "alamanerademachine"]
[Result "0-1"]
[WhiteElo "1566"]
[BlackElo "1305"]

1. e4 e5 2. Nf3 d6 3. Bc4 Be6 4. d3 Nf6 5. Bg5 Be7 6. Nc3 c6 7. O-O h6 8. Be3 b5
9. Bxe6 fxe6 10. b4 a5 11. d4 Na6 12. a3 axb4 13. Ne2 exd4 14. Nfxd4 Qd7 15.
axb4 Nxe4 16. c3 e5 17. f3 c5 18. bxc5 exd4 19. Bxd4 O-O 0-1

[Event "Challenge"]
[Site "http://www.queenalice.com/game.php?id=830002"]
[Date "2010.9.9"]
[Round "-"]
[White "alamanerademachine"]
[Black "Filipon_El_Bigodon"]
[Result "1-0"]
[WhiteElo "1331"]
[BlackElo "1540"]

1. e4 e5 2. Qh5 Nf6 3. Qxe5+ Be7 4. Bc4 d6 5. Qg5 Nxe4 6. Qf4 Nf6 7. Nf3 Nc6 8.
Ng5 Be6 9. b3 d5 10. Bb5 Qd7 11. Nc3 O-O-O 12. O-O h6 13. Nf3 g5 14. Qe3 d4 15.
Nxd4 Bc5 16. Bxc6 bxc6 17. Qf3 Bxd4 18. Bb2 1-0

[Event "Challenge"]
[Site "http://www.queenalice.com/game.php?id=830003"]
[Date "2010.9.9"]
[Round "-"]
[White "Filipon_El_Bigodon"]
[Black "peaceman"]
[Result "0-1"]
[WhiteElo "1609"]
[BlackElo "1323"]

1. e4 e5 2. Nf3 Nc6 3. Bc4 Nf6 4. Ng5 Na5 5. Nxf7 Qe7 6. Nxh8 Nxe4 7. Bf7+ Kd8
8. Bd5 c6 9. Bf7 Qg5 10. O-O Qf5 11. d4 Nd6 12. Bh5 e4 13. b4 Nac4 14. Nc3 b5
15. Bg5+ Qxg5 16. Nxe4 Nxe4 17. Nf7+ Kc7 18. Nxg5 Nxg5 19. d5 Bxb4 20. f4 Ne4
21. Bf3 Nf6 22. dxc6 dxc6 23. Qe2 Nd5 24. Bxd5 Bc5+ 25. Kh1 cxd5 26. f5 a5 27.
f6 Bf8 28. f7 Bb7 29. Qe8 Nd6 30. Qe6 Nc4 31. Rae1 Rd8 32. Qe8 Nd6 33. Qe6 Rd7
34. Rd1 Bc6 35. Rde1 b4 36. Qe8 Rd8 0-1

[Event "Challenge"]
[Site "http://www.queenalice.com/game.php?id=830005"]
[Date "2010.9.9"]
[Round "-"]
[White "peaceman"]
[Black "Filipon_El_Bigodon"]
[Result "0-1"]
[WhiteElo "1344"]
[BlackElo "1623"]

1. e4 e5 2. d3 Nc6 3. Nc3 Bc5 4. h4 d6 5. Nf3 Bg4 6. g3 Nb4 7. Bg2 Qd7 8. a3 Nc6
9. Qd2 Nf6 10. Qg5 Rg8 11. b4 Bd4 12. Nxd4 Nxd4 13. Ra2 O-O-O 14. f3 Bxf3 15.
Rg1 Bxg2 16. Rxg2 Nf3+ 17. Kf2 Nxg5 18. Bxg5 h6 19. Be3 Qh3 20. Bxa7 Ng4+ 21.
Kf3 f5 22. Nd5 h5 23. c4 f4 24. Ne7+ Kd7 25. Nxg8 Rxg8 26. c5 g5 27. hxg5 Ne3
28. Rh2 Qxg3+ 29. Ke2 Qxh2+ 30. Kf3 Nc2 31. c6+ bxc6 32. Rxc2 Qxc2 33. Bf2 Rxg5
34. Bh4 Rg2 35. Bg5 Qf2# 0-1

[Event "ESTUPENDO VACILO. MAIS UM JOGO?"]
[Site "http://www.queenalice.com/game.php?id=842719"]
[Date "2010.10.7"]
[Round "-"]
[White "lcchaves13"]
[Black "Filipon_El_Bigodon"]
[Result "0-1"]
[WhiteElo "1566"]
[BlackElo "1609"]

1. e4 e5 2. Bc4 Nc6 3. Qf3 Nf6 4. d3 Nd4 5. Qg3 Nxc2+ 6. Kd2 Nxa1 7. Qxe5+ Be7
8. b3 O-O 9. Qxa1 Bb4+ 10. Kd1 Ng4 11. a3 Nxf2+ 12. Ke2 Bc5 13. Nf3 Nxh1 14. Qc3
Nf2 15. Bb2 Qf6 16. e5 Qf4 17. d4 Ne4 18. Qc2 Be7 19. Bd3 Ng5 20. g3 Qg4 21. Nd2
c6 22. h4 Nh3 23. Bf5 Qxg3 24. Bxh3 Qxh3 25. d5 d6 26. exd6 Bxd6 27. Qc3 f6 28.
dxc6 bxc6 29. Qxc6 Qe6+ 30. Kd1 Bd7 31. Qc2 Rac8 32. Nc4 Qd5+ 33. Bd4 Bg4 34.
Kc1 Bxf3 35. Bxa7 Be5 36. a4 Bf4+ 37. Kb2 Be5+ 38. Ka3 Bd6+ 39. b4 Rxc4 40. Qb3
Bxb4+ 41. Ka2 Rc2+ 42. Ka1 Qxb3 0-1